LEADER 01215nam0-2200409---450- 001 990000824170203316 005 20090507105736.0 035 $a0082417 035 $aUSA010082417 035 $a(ALEPH)000082417USA01 035 $a0082417 100 $a20011221d1991----||ita|01 ba 101 $aita 102 $aIT 105 $a|||| ||||| 200 1 $aSpagna$fdi Francesca Palisi 210 $aRoma$cBancaria$d1991. 215 $a99 p.$d24 cm 225 $aManuali di legislazioni bancarie estere$v1. 300 $aIn cop.: ABI, LUISS CERADI 410 1$12001$aManuali di legislazioni bancarie estere$v1. 610 0 $aBanche$aLegislazione$aSpagna 676 $a346.46082 700 1$aPALISI,$bFrancesca$0377488 801 0$aIT$bsalbc$gISBD 912 $a990000824170203316 951 $aXXV.3.F 13 (IRA 31 213 1)$b4653 EC$cIRA$d00208311 959 $aBK 969 $aECO 979 $aPATTY$b90$c20011221$lUSA01$h1654 979 $aPATTY$b90$c20011221$lUSA01$h1655 979 $aPATTY$b90$c20011221$lUSA01$h1655 979 $c20020403$lUSA01$h1728 979 $aPATRY$b90$c20040406$lUSA01$h1657 979 $aRSIAV4$b90$c20090507$lUSA01$h1057 996 $aSpagna$9443540 997 $aUNISA LEADER 01053nam a2200289 i 4500 001 991000395209707536 005 20020503180015.0 008 940510s1987 us ||| | eng 020 $a0471911739 035 $ab10071283-39ule_inst 035 $aLE02515245$9ExL 040 $aFac. Economia$bita 082 0 $a519.2 100 1 $aAsmussen, Soren$0460377 245 10$aApplied probability and queues /$cSoren Asmussen 260 $aChichester ; New York [etc.] :$bWiley,$cc1987 300 $ax, 318 p. ;$c24 cm 490 0 $aWiley series in probability and mathematical statistics.$pApplied probability and statistics 650 4$aProcessi di Markov 650 4$aProcesso stocastico 650 4$aTeoria delle code 907 $a.b10071283$b17-02-17$c27-06-02 912 $a991000395209707536 945 $aLE025 ECO 519 ASM01.01$g1$i2025000017863$lle025$o-$pE0.00$q-$rl$s- $t0$u0$v0$w0$x0$y.i10080326$z27-06-02 996 $aApplied probability and queues$9194935 997 $aUNISALENTO 998 $ale025$b01-01-94$cm$da $e-$feng$gus $h0$i1 LEADER 01134nam0 22002771i 450 001 UON00028269 005 20231205102049.17 100 $a20020107d1970 |0itac50 ba 101 $aeng 102 $aGB 105 $a|||| 1|||| 200 1 $aˆA ‰history of South-East Asia since 1500$fGilbert Khoo 210 $aKuala Lumpur$cOxford University$d1970 215 $avii, 188 p.$cill.$d21 cm 410 1$1001UON00169030$12001 $aOxford Progressive History$feditorial adviser: Khoo Kay Kim$v5 606 $aSUDEST ASIATICO$xSTORIA$xSec. 16.-20.$3UONC006849$2FI 620 $aMY$dKuala Lumpur$3UONL000249 686 $aSEA IV$cSUDEST ASIATICO - STORIA$2A 700 1$aKHOO$bGilbert$3UONV098323$0644144 712 $aOxford University Press$3UONV245947$4650 801 $aIT$bSOL$c20240220$gRICA 899 $aSIBA - SISTEMA BIBLIOTECARIO DI ATENEO$2UONSI 912 $aUON00028269 950 $aSIBA - SISTEMA BIBLIOTECARIO DI ATENEO$dSI SEA IV 015 $eSI ARC1822 5 015 996 $aHistory of South-East Asia since 1500$91188793 997 $aUNIOR